000 00325nam a22001457a 4500
008 230605b ||||| |||| 00| 0 eng d
020 _a9780321900999
041 _aeng
080 _27TH EDITION
_a51
082 _a51LON
100 _a23
101 _aMATE
245 _aMATHEMATICAL REASONING
_cLONG.T.C
942 _2udc
_cBK
999 _c59911
_d59911